00670nam a22001937a 4500999001900000005001700019010001500036020002500051035001400076037001300090082001100103100001700114245005000131260003600181270009500217300002000312942002500332952011900357 c169485d16948520191122103011.0 aENG-126963 a9789383657551c30.00 aEN-110495 bDBAD/PUB a302.14 aPritam Singh aInstitutional communalism / cby Pritam Singh aNew DelhibCritical Questc2019 a420, G/Block, Phase VI , Aya NagarbNew Delhie110047k9910036543mcriticalquest@gmail.com a40p.c21cm(pbk) 2ddccENh302.14mPRI 001040708NFICaAVbAVd2019-11-21eDBAD/PUBg30.00l0o302.14 PRIpEN-110495r2019-11-21 00:00:00t1v30.00yEN